| 000 | 00519nam a22001697a 4500 | ||
|---|---|---|---|
| 999 |
_c8588 _d8588 |
||
| 008 | 201207b ||||| |||| 00| 0 eng d | ||
| 040 | _aBMS College of Architecture | ||
| 100 | _aSai, S Kamal | ||
| 245 | _aPlanetarium and Astronomy Museum | ||
| 300 | _a31p. | ||
| 500 | _a1BM11AT091 | ||
| 502 |
_8B,Arch _NBMS College of Architecture, Visvesvaraya Technological University (VTU) _aProject report _d2017 |
||
| 650 | _aMuseum | ||
| 700 |
_aPraveen Upadhye _eGuide |
||
| 700 |
_aSayee Deodhar _eGuide |
||
| 942 |
_2ddc _cTHE |
||